<?xml version="1.0" encoding="UTF-8"?>
<record
    xmlns:xsi="http://www.w3.org/2001/XMLSchema-instance"
    xsi:schemaLocation="http://www.loc.gov/MARC21/slim http://www.loc.gov/standards/marcxml/schema/MARC21slim.xsd"
    xmlns="http://www.loc.gov/MARC21/slim">

  <leader>     nam a22     7a 4500</leader>
  <datafield tag="999" ind1=" " ind2=" ">
    <subfield code="c">52248</subfield>
    <subfield code="d">52248</subfield>
  </datafield>
  <controlfield tag="003">OSt</controlfield>
  <controlfield tag="005">20220613143529.0</controlfield>
  <controlfield tag="008">220613b        xxu||||| |||| 00| 0 eng d</controlfield>
  <datafield tag="040" ind1=" " ind2=" ">
    <subfield code="c">IIMT UNIVERSITY MEERUT</subfield>
  </datafield>
  <datafield tag="100" ind1=" " ind2=" ">
    <subfield code="a">BHUTYA ,RAMESH KUMAR</subfield>
  </datafield>
  <datafield tag="245" ind1=" " ind2=" ">
    <subfield code="a">COLOUR ATLAS OF MEDICINAL PLANTS VOL-1</subfield>
  </datafield>
  <datafield tag="250" ind1=" " ind2=" ">
    <subfield code="a">1 ST</subfield>
  </datafield>
  <datafield tag="260" ind1=" " ind2=" ">
    <subfield code="a">JODHPUR </subfield>
    <subfield code="b">SCIENTIFIC</subfield>
    <subfield code="c">2020</subfield>
  </datafield>
  <datafield tag="300" ind1=" " ind2=" ">
    <subfield code="a">255</subfield>
  </datafield>
  <datafield tag="942" ind1=" " ind2=" ">
    <subfield code="2">ddc</subfield>
    <subfield code="c">01</subfield>
  </datafield>
  <datafield tag="952" ind1=" " ind2=" ">
    <subfield code="0">0</subfield>
    <subfield code="1">0</subfield>
    <subfield code="2">ddc</subfield>
    <subfield code="4">0</subfield>
    <subfield code="7">0</subfield>
    <subfield code="a">30</subfield>
    <subfield code="b">30</subfield>
    <subfield code="d">2022-05-31</subfield>
    <subfield code="e">RAM</subfield>
    <subfield code="f">AYURVEDA</subfield>
    <subfield code="g">1000.00</subfield>
    <subfield code="i">127</subfield>
    <subfield code="l">0</subfield>
    <subfield code="o">581.63 BHU</subfield>
    <subfield code="p">30-B-3877</subfield>
    <subfield code="r">2022-06-13</subfield>
    <subfield code="w">2022-06-13</subfield>
    <subfield code="y">01</subfield>
  </datafield>
  <datafield tag="952" ind1=" " ind2=" ">
    <subfield code="0">0</subfield>
    <subfield code="1">0</subfield>
    <subfield code="2">ddc</subfield>
    <subfield code="4">0</subfield>
    <subfield code="7">0</subfield>
    <subfield code="a">30</subfield>
    <subfield code="b">30</subfield>
    <subfield code="d">2022-05-31</subfield>
    <subfield code="e">RAM</subfield>
    <subfield code="f">AYURVEDA</subfield>
    <subfield code="g">1000.00</subfield>
    <subfield code="i">127</subfield>
    <subfield code="l">0</subfield>
    <subfield code="o">581.63 BHU</subfield>
    <subfield code="p">30-B-3878</subfield>
    <subfield code="r">2022-06-13</subfield>
    <subfield code="w">2022-06-13</subfield>
    <subfield code="y">01</subfield>
  </datafield>
  <datafield tag="952" ind1=" " ind2=" ">
    <subfield code="0">0</subfield>
    <subfield code="1">0</subfield>
    <subfield code="2">ddc</subfield>
    <subfield code="4">0</subfield>
    <subfield code="7">0</subfield>
    <subfield code="a">30</subfield>
    <subfield code="b">30</subfield>
    <subfield code="d">2022-05-31</subfield>
    <subfield code="e">RAM</subfield>
    <subfield code="f">AYURVEDA</subfield>
    <subfield code="g">1000.00</subfield>
    <subfield code="i">127</subfield>
    <subfield code="l">0</subfield>
    <subfield code="o">581.63 BHU</subfield>
    <subfield code="p">30-B-3879</subfield>
    <subfield code="r">2022-06-13</subfield>
    <subfield code="w">2022-06-13</subfield>
    <subfield code="y">01</subfield>
  </datafield>
  <datafield tag="952" ind1=" " ind2=" ">
    <subfield code="0">0</subfield>
    <subfield code="1">0</subfield>
    <subfield code="2">ddc</subfield>
    <subfield code="4">0</subfield>
    <subfield code="7">0</subfield>
    <subfield code="a">30</subfield>
    <subfield code="b">30</subfield>
    <subfield code="d">2022-05-31</subfield>
    <subfield code="e">RAM</subfield>
    <subfield code="f">AYURVEDA</subfield>
    <subfield code="g">1000.00</subfield>
    <subfield code="i">127</subfield>
    <subfield code="l">0</subfield>
    <subfield code="o">581.63 BHU</subfield>
    <subfield code="p">30-B-3880</subfield>
    <subfield code="r">2022-06-13</subfield>
    <subfield code="w">2022-06-13</subfield>
    <subfield code="y">01</subfield>
  </datafield>
  <datafield tag="952" ind1=" " ind2=" ">
    <subfield code="0">0</subfield>
    <subfield code="1">0</subfield>
    <subfield code="2">ddc</subfield>
    <subfield code="4">0</subfield>
    <subfield code="7">0</subfield>
    <subfield code="a">30</subfield>
    <subfield code="b">30</subfield>
    <subfield code="d">2022-05-31</subfield>
    <subfield code="e">RAM</subfield>
    <subfield code="f">AYURVEDA</subfield>
    <subfield code="g">1000.00</subfield>
    <subfield code="i">127</subfield>
    <subfield code="l">0</subfield>
    <subfield code="o">581.63 BHU</subfield>
    <subfield code="p">30-B-3881</subfield>
    <subfield code="r">2022-06-13</subfield>
    <subfield code="w">2022-06-13</subfield>
    <subfield code="y">01</subfield>
  </datafield>
</record>
